| 000 | 00735nam a2200217Ii 4500 | ||
|---|---|---|---|
| 003 | JO-AjNU | ||
| 008 | 230605s9999||||xx |||||||||||||| ||und|| | ||
| 017 | _a1983/112 | ||
| 040 |
_aJO-AjNU _bara _erda _cJO-AjNU |
||
| 041 | _aara | ||
| 050 | 1 | 4 | _aDS38.4.A28.G222 1983 |
| 100 | 3 |
_aالجدع، أحمد, _eauthor _917818 |
|
| 245 | 0 | 0 | _aأبو سفيان بن حرب من الجاهلية الى الإسلام |
| 250 | _aط1 | ||
| 264 | 3 | 1 | _aالدوحة: مؤسسة الشرق للنشر والترجمة، 1983 |
| 300 | _a149ص | ||
| 336 |
_atext _btxt _2rdacontent |
||
| 337 |
_aunmediated _bn _2rdamedia |
||
| 338 |
_avolume _bnc _2rdacarrier |
||
| 650 | 4 |
_aمسلمون، ابو سفيان صخر بن حرب75ق.ه-31ه _917819 |
|
| 999 |
_aA5584 _c9152 _d9152 |
||